ระบบห้องสมุดอัตโนมัติ ULibM
วิทยาลัยพยาบาลบรมราชชนนี พระพุทธบาท
เปลี่ยนเป็นภาษาไทย

Change to English
 แสดงรายละเอียดบรรณานุกรม
  กลับหน้าหลัก

Brief Record : Get Marc (ISO 2709) : E-mail record : QR code ปิดหน้าต่าง
E-books : เกี่ยวกับ Collections
LEADER 00000nam 2200000uu 4500
001    13399129517
003     ULIBM
008    020711s2017 th a 000 0 eng d
020    9781284070217
060    WQ165 T367c 2017
100    Nell L. Tharpe
245    Clinical Practice Guidelines for Midwifery & Women s health
250    5th ed
260    Burlington, Ma :^bJones & Bartlett Learning,^c2017
300    709 pages ;^c28 cm
700 0  Cindy L. Farley
700 0  Robin G. Jordan
999    ^aนางสาวณิชาพร เกตุศีระ
รายการนี้ยังไม่มีแท็ก
คุณยังไม่ได้ล็อกอิน คุณสามารถมีกิจกรรมร่วมกับเว็บไซต์ได้ แต่ต้องล็อกอินก่อน ::
  ล็อกอิน
ลำดับที่ ประเภท เลขเรียก สถานที่ สถานะ
1. หนังสือ
หนังสือ
WQ165 T367c 2017 c.1 
  
วิทยาลัยพยาบาลบรมราชชนนี พระพุทธบาท
►หนังสือทั่วไป
On Shelf
   [แสดง 1/1 รายการ]

รายการใกล้เคียง
    ผู้แต่ง [Nell L. Tharpe]

Bib 13399129517